Derecho, Estado y Constitucin̤ El estatuto cientf̕ico y otros temas fundamentales de Derecho Constitucional

Bibliographic Details
Main Author: Garca̕ Cuadrado, Antonio Mara̕
Format: eBook
Language:Spanish
Published: Alicante : Editorial Club Universitario, 2010
Subjects:
Online Access:http://www.vlex.com/source/7367

MARC

LEADER 00000nam a22000007a 4500
005 20130304172608.0
007 cr|||| ||||
008 130304e2010 sp |||||s|||| 00||0 spa d
020 |a 978-84-9948-271-2 
035 |a 7367 
040 |a vLex 
090 |c 3821  |d 3821 
100 1 0 |a Garca̕ Cuadrado, Antonio Mara̕ 
245 1 0 |a Derecho, Estado y Constitucin̤  |b El estatuto cientf̕ico y otros temas fundamentales de Derecho Constitucional  |h [Recurso electrn̤ico]  |c / Antonio Mara̕ Garca̕ Cuadrado 
256 |a Servicio en ln̕ea 
260 |a Alicante :  |b Editorial Club Universitario,   |c 2010 
300 |a 1 Recurso electrn̤ico 
506 |d vLex Global  |d vLex Global (Academic Edition, excluding Law Schools)  |d vLex Global (U.S. Academic Edition, Law Schools)  |d vLex Global (U.S. Academic Edition, excluding Law Schools)  |d vLex Global (Academic Edition, Law Schools) 
650 0 4 |a Derecho constitucional 
650 0 4 |a Teora̕ del Estado 
740 |a vLex Libros (Servicio en ln̕ea) 
856 |a Acceso restringido  |u http://www.vlex.com/source/7367 
942 |c BOOK 
999 0 |a Constitutional law